000 00260nam a2200109Ia 4500
008 240625s9999 xx 000 0 und d
041 _aeng
082 _a658.87 BER
100 _aBERMAN BARRY
245 _aRETAIL MANAGEMENT A STRATEGIC APPROACH
260 _c2011
999 _c39394
_d39394